00413nam a22001337a 450000500170000000800410001704100130005808200130007110000120008424500400009626000870013630000300022365000260025320240605140353.0240605b |||||||| |||| 00| 0 eng d aEnglish  a349 LAW  lEnglish aThe law Reports: Chancery Division  aLondon: bThe Incorporated Council of Law Reporting for England and Wales, c1993  bxxi, 515 pages; c25 cm.  aLegal practice bLaw